Statistiken für Australische Staaten und Territorien

Klicken Sie hier um das Quiz zu spielen!

Allgemein

  • Dieses Quiz wurde 1,380 mal gespielt
  • Das Durchschnittsergebnis liegt bei 5 aus 8

Antwortstatistiken

Staat oder Territorium % Korrekt
Tasmanien
86%
Queensland
79%
New South Wales
75%
Western Australia
69%
Victoria
58%
South Australia
57%
Northern Territory
51%
Australisches Hauptstadtterritorium
32%

Verteilung der Resultate

Perzentil nach korrekt beantworteten Fragen

Anzahl Personen mit jedem Resultat

Ihre Resultats-Entwicklung

Sie haben dieses Quiz noch nicht gespielt